Central Library OPAC University of Rajshahi

Supervision of private insurance in Europe : (Record no. 53782)

MARC details
000 -LEADER
fixed length control field 00705nam a2200217 a 4500
001 - CONTROL NUMBER
control field 53782
003 - CONTROL NUMBER IDENTIFIER
rucl marc code BD-RjUL
005 - DATE AND TIME OF LATEST TRANSACTION
control field 20211209080023.0
008 - FIXED-LENGTH DATA ELEMENTS--GENERAL INFORMATION
fixed length control field 161025s1961 xx 000 0 eng d
035 ## - SYSTEM CONTROL NUMBER
System control number (BD-RjUL)53904
040 ## - CATALOGING SOURCE
Original cataloging agency ANL
Language of cataloging eng
Transcribing agency ANL
Modifying agency ANL
041 ## - LANGUAGE CODE
Language code of text/sound track or separate title eng
082 ## - DEWEY DECIMAL CLASSIFICATION NUMBER
Classification number 368.94
Author mark and year SUP 1961
245 00 - TITLE STATEMENT
Title Supervision of private insurance in Europe :
Remainder of title study by the insurance committee /
260 ## - PUBLICATION, DISTRIBUTION, ETC. (IMPRINT)
Place of publication, distribution, etc. [S.l.] :
Name of publisher, distributor, etc. Organisation for Economic Co-operation and Development,
Date of publication, distribution, etc. 1961
300 ## - PHYSICAL DESCRIPTION
Pagination 227 p. :
Illustrations ill. ;
Size 25 cm.
490 0# - SERIES STATEMENT
Series statement O.E.C.D. publications ; no. 15 283
650 ## - SUBJECT ADDED ENTRY--TOPICAL TERM
Topical term or geographic name as entry element Insurance law
Geographic subdivision Europe
9 (RLIN) 160652
Topical term or geographic name as entry element Insurance
General subdivision State supervision
Geographic subdivision Europe.
9 (RLIN) 160653
942 ## - ADDED ENTRY ELEMENTS (KOHA)
Source of classification or shelving scheme Dewey Decimal Classification
Koha item type Books
Holdings
Lost status Source of classification or shelving scheme Damaged status Not for loan Collection code Permanent Location Current Location Shelving location Date acquired Source of acquisition Total Checkouts Full call number Date last seen Copy number Koha item type
  Dewey Decimal Classification     Non-fiction Central Library, University of Rajshahi Central Library, University of Rajshahi   12/03/1966 Zeitlinger   368.94 SUP 1961 25/10/2016 C-2 Books
  Dewey Decimal Classification     Non-fiction Central Library, University of Rajshahi Central Library, University of Rajshahi   12/03/1966 Zeitlinger   368.94 SUP 1961 24/11/2016 C-3 Books